000 00375 a2200157 4500
001 190670
020 _a85-336-2003-9
040 _cMagnum
100 _aHearn, Lian
240 1 0 _aA saga otori: a relva por travesseiro
_lpor
245 1 0 _aA saga otori: a relva por travesseiro
300 _a309
362 0 _a2004
697 _aLITERATURA GERAL ESTRANGEIRA
942 _cBK
999 _c190670
_d190670